Oslobodenie od dane podľa zákona o DPH
Dani z pridanej hodnoty, ktorá patrí do kategórie nepriamych daní, podlieha v tuzemsku akákoľvek spotreba. Dodávané tovary a služby sa vo všeobecnosti zdaňujú jednotnou 19 percentnou sadzbou dane. Zákon č. 222/2004 Z.z. o DPH v rámci právnej úpravy definuje aj výnimky z tohto postupu, určuje, ktoré...
Na minha lista:
| Autor principal: | |
|---|---|
| Formato: | Capítulo de Livro |
| Idioma: | eslovaco |
| Assuntos: | |
| Tags: |
Sem tags, seja o primeiro a adicionar uma tag!
|
MARC
| LEADER | 00000naa$a2200000$$$4500 | ||
|---|---|---|---|
| 001 | 0032425 | ||
| 005 | 20231114083456.0 | ||
| 041 | 0 | |a slo | |
| 044 | |a SK | ||
| 245 | 1 | 0 | |a Oslobodenie od dane podľa zákona o DPH |c Anna Jurišová |
| 520 | |a Dani z pridanej hodnoty, ktorá patrí do kategórie nepriamych daní, podlieha v tuzemsku akákoľvek spotreba. Dodávané tovary a služby sa vo všeobecnosti zdaňujú jednotnou 19 percentnou sadzbou dane. Zákon č. 222/2004 Z.z. o DPH v rámci právnej úpravy definuje aj výnimky z tohto postupu, určuje, ktoré plnenia a za akých podmienok dani nepodliehajú. Čo sa nepovažuje za dodanie tovaru a služby. Zdaniteľné obchody oslobodené od dane. | ||
| 610 | 2 | 0 | |a dane z hodnoty pridanej |
| 610 | 2 | 0 | |a tovar |
| 610 | 2 | 0 | |a služby |
| 610 | 2 | 0 | |a dodávky |
| 610 | 2 | 0 | |a oslobodenie od daní |
| 610 | 2 | 0 | |a legislatíva |
| 610 | 2 | 0 | |a Slovensko |
| 100 | 1 | |a Jurišová, Anna | |